<?xml version="1.0" encoding="UTF-8"?><?xml-stylesheet type="text/xsl" href="static/style.xsl"?><OAI-PMH xmlns="http://www.openarchives.org/OAI/2.0/" xmlns:xsi="http://www.w3.org/2001/XMLSchema-instance" xsi:schemaLocation="http://www.openarchives.org/OAI/2.0/ http://www.openarchives.org/OAI/2.0/OAI-PMH.xsd"><responseDate>2026-06-07T05:14:13Z</responseDate><request verb="GetRecord" identifier="oai:riuma.uma.es:10630/9547" metadataPrefix="marc">https://riuma.uma.es/rest/oai/request</request><GetRecord><record><header><identifier>oai:riuma.uma.es:10630/9547</identifier><datestamp>2026-02-03T11:57:35Z</datestamp><setSpec>com_10630_2254</setSpec><setSpec>col_10630_37959</setSpec></header><metadata><record xmlns="http://www.loc.gov/MARC21/slim" xmlns:dcterms="http://purl.org/dc/terms/" xmlns:doc="http://www.lyncode.com/xoai" xmlns:xsi="http://www.w3.org/2001/XMLSchema-instance" xsi:schemaLocation="http://www.loc.gov/MARC21/slim http://www.loc.gov/standards/marcxml/schema/MARC21slim.xsd">
   <leader>00925njm 22002777a 4500</leader>
   <datafield ind2=" " ind1=" " tag="042">
      <subfield code="a">dc</subfield>
   </datafield>
   <datafield ind2=" " ind1=" " tag="720">
      <subfield code="a">Tójar-Hurtado, Juan Carlos</subfield>
      <subfield code="e">author</subfield>
   </datafield>
   <datafield ind2=" " ind1=" " tag="720">
      <subfield code="a">Matas-Terrón, Antonio</subfield>
      <subfield code="e">author</subfield>
   </datafield>
   <datafield ind2=" " ind1=" " tag="720">
      <subfield code="a">Azcárate Goded, Pilar</subfield>
      <subfield code="e">author</subfield>
   </datafield>
   <datafield ind2=" " ind1=" " tag="720">
      <subfield code="a">Gutiérrez Pérez, José</subfield>
      <subfield code="e">author</subfield>
   </datafield>
   <datafield ind2=" " ind1=" " tag="720">
      <subfield code="a">Poza Vílchez, Fátima</subfield>
      <subfield code="e">author</subfield>
   </datafield>
   <datafield ind2=" " ind1=" " tag="720">
      <subfield code="a">Jiménez Liso, María Ruth</subfield>
      <subfield code="e">author</subfield>
   </datafield>
   <datafield ind2=" " ind1=" " tag="720">
      <subfield code="a">Esteban Ibáñez, Macarena</subfield>
      <subfield code="e">author</subfield>
   </datafield>
   <datafield ind2=" " ind1=" " tag="720">
      <subfield code="a">Amador Muñoz, Luis Vicente</subfield>
      <subfield code="e">author</subfield>
   </datafield>
   <datafield ind2=" " ind1=" " tag="720">
      <subfield code="a">De las Heras Pérez, María de los Ángeles</subfield>
      <subfield code="e">author</subfield>
   </datafield>
   <datafield ind2=" " ind1=" " tag="720">
      <subfield code="a">Limón Domínguez, Dolores</subfield>
      <subfield code="e">author</subfield>
   </datafield>
   <datafield ind2=" " ind1=" " tag="260">
      <subfield code="c">2015-03-19</subfield>
   </datafield>
   <datafield ind2=" " ind1=" " tag="520">
      <subfield code="a">El Máster Interuniversitario en Educador/a Ambiental es un proyecto consolidado en el Sistema Universitario Español. Actualmente (curso 2014/2015) se desarrolla la 6ª edición del mismo. Durante estos últimos años se han capacitado como educadores ambientales con nivel de Máster más de 200 estudiantes. Muy brevemente, se puede decir que se trata del primer Máster oficial interuniversitario adaptado al Espacio Europeo de Educación Superior de estas características. Está coordinado actualmente por la Universidad de Málaga, y junto a ella co-organizan este Máster las Universidades de Córdoba, Cádiz, Granada, Almería, Pablo de Olavide de Sevilla y Huelva, participando además profesorado de todas las universidades andaluzas y de varias españolas.&#xd;
Es un proyecto pionero en el uso de TIC. Para su realización, este Máster se apoya a) en el uso de una plataforma virtual de apoyo (Moodle) para desarrollo de las clases teóricas y prácticas, y b) con una herramienta virtual para la teledocencia que permite conectar las diferentes sedes universitarias en directo (evitando numerosos desplazamientos), y que además, el profesorado y alumnado del máster participen simultáneamente en el desarrollo de las clases.&#xd;
En sus dos itinerarios, uno profesional, dirigido a formar a profesionales de la Educación Ambiental, y otro investigador (equivalente al periodo formativo de un doctorado) que forma investigadores en este ámbito de conocimiento interdisciplinar, ha dado fruto a un gran número de resultados tangibles: a) profesionales: emprendimiento en el sector con varios proyectos en marcha, cualificación de educadores que ya trabajaban en centros de educación ambiental,… b) de investigación: realización de tesis doctorales, publicación de monografías científicas y artículos en revistas, asistencia a congresos nacionales e internacionales. En una de las investigaciones publicadas en revistas (Ponce y Tójar, 2014), y de la que se informa en el contenido del póster, se analiza el grado de adquisición de competencias de educación ambiental adquiridas por los egresados, así como de las oportunidades de empleo de los mismos.</subfield>
   </datafield>
   <datafield ind1="8" ind2=" " tag="024">
      <subfield code="a">http://hdl.handle.net/10630/9547</subfield>
   </datafield>
   <datafield ind1="8" ind2=" " tag="024">
      <subfield code="a">http://orcid.org/0000-0002-4009-0149</subfield>
   </datafield>
   <datafield tag="653" ind2=" " ind1=" ">
      <subfield code="a">Educación ambiental - Estudio y enseñanza</subfield>
   </datafield>
   <datafield ind2="0" ind1="0" tag="245">
      <subfield code="a">La capacitación a nivel de Máster de los educadores ambientales. La experiencia de un Máster Interuniversitario en Educación Ambiental</subfield>
   </datafield>
</record>
</metadata></record></GetRecord></OAI-PMH>